Dilemmas in reforming higher education in india / (Record no. 155663)

MARC details
000 -LEADER
fixed length control field 00710nam a22002177a 4500
005 - DATE AND TIME OF LATEST TRANSACTION
control field 20180808153107.0
010 ## - LCCN (DPL NO)
LC control number ENG-123694
020 ## - INTERNATIONAL STANDARD BOOK NUMBER
International Standard Book Number 9789352872794
Terms of availability 1450.00
035 ## - SYSTEM CONTROL NUMBER
System control number EN-107226
037 ## - SOURCE OF ACQUISITION
Source of stock number/acquisition DBAD/PUB
082 ## - DEWEY DECIMAL CLASSIFICATION NUMBER
Classification number 378.54
100 ## - MAIN ENTRY--PERSONAL NAME
Personal name Jandhyala B.G. Tilak
245 ## - TITLE STATEMENT
Title Dilemmas in reforming higher education in india /
Statement of responsibility, etc by Jandhyala B.G. Tilak; foreworded by Yogesh Atal
260 ## - PUBLICATION, DISTRIBUTION, ETC. (IMPRINT)
Place of publication, distribution, etc Hyderabad
Name of publisher, distributor, etc Orient BlackSwan
Date of publication, distribution, etc 2018
270 ## - ADDRESS
Address 3-6-752 Himayatnagar
City Hyderabad
Postal code 500029
300 ## - PHYSICAL DESCRIPTION
Extent xxxiii,518p.
Dimensions 23cm(Hb)
500 ## - GENERAL NOTE
General note It includes index
500 ## - GENERAL NOTE
General note The collected writing of Jandhyala B.G. Tilak
700 ## - ADDED ENTRY--PERSONAL NAME
Personal name Yogesh Atal
942 ## - ADDED ENTRY ELEMENTS (KOHA)
Source of classification or shelving scheme Dewey Decimal Classification
Item type English Books
Classification part 378.54
Call number suffix JAN
Holdings
Withdrawn status Lost status Not for loan Collection code Home library Current library Date acquired Source of acquisition Cost, normal purchase price Full call number Barcode Copy number Cost, replacement price Koha item type
    Not For Loan Non-fiction D.B.Act.Division Central Library 08/08/2018 DBAD/PUB 1450.00 378.54 JAN EN-107226 1 1450.00 English Books

© Delhi Public Library
Hit Counter
free hit counter